000 00486nam a2200181Ia 4500
005 20250508163449.0
008 008 250505s9999 xx 000 0 eng d
037 _aBooks to be hide in OPAC
040 _aFEDL
_beng
_cFEDL
041 _aeng
_2eng
084 _aB, TAG/O
_qFEDL
100 _aTagore Rabindranath
245 0 _aMy boyhood days
260 _aCalcutta, India
_bVisva-Bharati
_c1940
300 _a87p.
942 _cHB
_hB, TAG/O
999 _c1383450
_d1383450